Employee Engagement at Coca - Cola Ltd. (Record no. 16537)

MARC details
000 -LEADER
fixed length control field 00268nam a2200109Ia 4500
008 - FIXED-LENGTH DATA ELEMENTS--GENERAL INFORMATION
fixed length control field 221030s9999 xx 000 0 und d
245 #0 - TITLE STATEMENT
Title Employee Engagement at Coca - Cola Ltd.
260 ## - PUBLICATION, DISTRIBUTION, ETC. (IMPRINT)
Name of publisher Coca Cola
Place of publication JAMMU
Year of publication 2014
300 ## - PHYSICAL DESCRIPTION
Number of Pages 70
650 ## - SUBJECT ADDED ENTRY--TOPICAL TERM
Topical Term Management
942 ## - ADDED ENTRY ELEMENTS (KOHA)
Koha item type Thesis
Holdings
Accession Number Price effective from Koha item type Withdrawn / writtenoff status Damaged status Not for loan Permanent Location Current Location Shelving location Date acquired Lost/ Missing status department
STR/1225/14 10/30/2022 Thesis       MIET Library, Jammu MIET Library, Jammu BL-Academic Block B, FL-2, CUP-139, SH-6, R-6 02/23/2016   MBA